Guia pràctica per elaborar l'Agenda 2030 local
Descripción Física:
121 pàgines : il·lustracions ; 30 cm
Materias:
Objectius de Desenvolupament Sostenible
; Economia circular
; Desenvolupament urbà sostenible
; Política ambiental
; Municipis -- Govern i administració
Idioma:
Catalán
MARC
| LEADER | 00000nam a2200000 i 4500 | ||
|---|---|---|---|
| 001 | 991059746331806706 | ||
| 005 | 20260324181106.0 | ||
| 008 | 211123e202102 spca||| |||| 0|0 0 cat| | ||
| 015 | |a LL2021 |2 bnc | ||
| 017 | |a DL B 4457-2021 |b Biblioteca de Catalunya | ||
| 040 | |a ES-BaBC |b cat |e rda |c ES-BaBC | ||
| 080 | |a 502.13/.14 |2 2004 | ||
| 245 | 0 | 0 | |a Guia pràctica per elaborar l'Agenda 2030 local |
| 250 | |a Primera edició | ||
| 264 | 1 | |a Barcelona : |b Diputació de Barcelona, |c febrer del 2021 | |
| 300 | |a 121 pàgines : |b il·lustracions ; |c 30 cm | ||
| 336 | |a text |b txt |2 rdacontent | ||
| 337 | |a sense mediació |b n |2 rdamedia | ||
| 338 | |a volum |b nc |2 rdacarrier | ||
| 610 | 2 | 0 | |a Objectius de Desenvolupament Sostenible |9 56309 |
| 650 | 0 | |a Economia circular |9 52267 | |
| 650 | 0 | |a Desenvolupament urbà sostenible |9 52338 | |
| 650 | 0 | |a Política ambiental |9 25771 | |
| 650 | 0 | |a Municipis |x Govern i administració |9 22275 | |
| 710 | 1 | |a Barcelona (Catalunya : Província). |b Diputació |e entitat editora |9 52408 | |
| 908 | |a BC | ||
| 940 | |a BC | ||
| 942 | |2 udc |n 1 | ||
| 952 | |0 0 |1 0 |4 0 |6 BIB529 |7 1 |9 61554 |a Arxiu |b Arxiu |d 2022-05-09 |l 0 |o Bib-529 |p 25415 |r 2022-05-09 00:00:00 |w 2022-05-09 |y ARXIU | ||
| 999 | |c 81502 |d 81502 | ||